Catalog

Record Details

Catalog Search



Lexikon der Christlichen Moral  Cover Image Book Book

Lexikon der Christlichen Moral / Karl Hörmann

Record details

  • Physical Description: [696], xxv stran
  • Edition: 1. Auflage
  • Publisher: Innsbruck : Tyrolia-Verlag, 1969

Content descriptions

General Note:
Stránkovány sloupce (1392 sl.)
Bibliography, etc. Note:
Obsahuje bibliografii a rejstřík
Subject: příručky
etika (teologie)
mravnost
morální teologie
křesťanská morálka
Genre: slovníky

Available copies

  • 1 of 1 copy available at Common Catalog SPOK.

Holds

  • 0 current holds with 1 total copy.
Show All Copies
Location Call Number / Copy Notes Barcode Shelving Location Status Due Date
Jabok Library ET-1/H 424480013542 Odborná literatura Available -

LDR 01155nam a2200373 i 4500
0016240
003CZ-PrJAB
00520160824091642.0
007ta
008980923s1969 au u ger
035 . ‡a(CZ PrSKC)000372891
040 . ‡aABD064 ‡bcze ‡dABD064 ‡dABD027 ‡erda
072 7. ‡a17 ‡xEtika. Morální filozofie ‡2Konspekt ‡95
080 . ‡a03:241=30
080 . ‡a241:03
1001 . ‡aHörmann, Karl, ‡d1915- ‡7skuk0003115 ‡4aut
24510. ‡aLexikon der Christlichen Moral / ‡cKarl Hörmann
250 . ‡a1. Auflage
264 1. ‡aInnsbruck : ‡bTyrolia-Verlag, ‡c1969
300 . ‡a[696], xxv stran
336 . ‡atext ‡btxt ‡2rdacontent
337 . ‡abez média ‡bn ‡2rdamedia
338 . ‡asvazek ‡bnc ‡2rdacarrier
500 . ‡aStránkovány sloupce (1392 sl.)
504 . ‡aObsahuje bibliografii a rejstřík
65007. ‡apříručky ‡2ctt
65007. ‡aetika (teologie) ‡2ctt
65007. ‡amravnost ‡2ctt
65007. ‡amorální teologie ‡7ph115355 ‡2czenas
65007. ‡akřesťanská morálka ‡7ph115061 ‡2czenas
655 7. ‡aslovníky ‡7fd133454 ‡2czenas
910 . ‡aABG312
901 . ‡a6240 ‡bUnknown ‡c6240 ‡tbiblio

Additional Resources